Software quality assurance : Vol.2.. A program guide /

Na minha lista:
Detalhes bibliográficos
Main Authors: Vincent, J (Author), Waters, A (Author), Sinclair, J (Author)
Formato: Livro
Idioma:inglês
Publicado em: New Jersey : Prentice Hall, 1988
Tags: Adicionar Tag
Sem tags, seja o primeiro a adicionar uma tag!

MARC

LEADER 00000nam a22000003a 4500
001 stu28969
005 20150617225738.0
008 950523s1988----xxu-----------------eng-d
040 |a STU  |b slo 
041 0 |a eng 
044 |a xxu 
080 |a 681.53 
100 1 |a Vincent, J  |4 aut 
245 1 |a Software quality assurance :  |b Vol.2.. A program guide /  |c [aut]Vincent,J.;Waters,A.;Sinclair,J 
260 |a New Jersey :  |b Prentice Hall,  |c 1988 
300 |a 167 s 
700 1 |a Waters, A  |4 aut 
700 1 |a Sinclair, J  |4 aut 
996 |c V*37232/O-15555  |l VV1  |s P  |a 0  |w stu28969_0001